Law Relating to Muslim Marriage, Dower, Divorce and Maintenance. (Record no. 12908)

MARC details
000 -LEADER
fixed length control field 00608nam a2200241 a 4500
020 ## - INTERNATIONAL STANDARD BOOK NUMBER
ISBN
082 00 - DEWEY DECIMAL CLASSIFICATION NUMBER
Classification number 340.59
Author Cutter SWA
100 ## - MAIN ENTRY--AUTHOR NAME
Author name Swaroop, R
245 ## - TITLE STATEMENT
Title Law Relating to Muslim Marriage, Dower, Divorce and Maintenance.
260 ## - PUBLICATION, DISTRIBUTION, ETC. (IMPRINT)
Place of publication Gingee T.N.
Name of publisher VSS Law House
Year of publication 1998
300 ## - PHYSICAL DESCRIPTION
Number of Pages 323p
500 ## - GENERAL NOTE
General note includes index and biblioraphy
505 2# - FORMATTED CONTENTS NOTE
Formatted contents note Index
650 ## - SUBJECT ADDED ENTRY--TOPICAL TERM
Topical Term Islamic-Law Marriage
942 ## - ADDED ENTRY ELEMENTS (KOHA)
Koha item type Books
700 1# -
-- Swaroop, R
Holdings
Collection code Home library Current library Date acquired Cost, normal purchase price Full call number Accession Number Koha item type
  Henry Martyn Institute Library Henry Martyn Institute Library 04/18/2012 180.00 340.59 SWA 019770 Books
                   Copyright © 2026 | Henry Martyn Institute | Hyderabad | TS-500052 | INDIA | Implemented by hmi.edu.in
Hit-Count:

Powered by Koha